00527nam a22001457a 4500003000900000005001700009008004100026040001300067100003600080245005800116260007100174300001800245490003700263520008100300IT-RoPau20220918181220.0140512b xxu||||| |||| 00| 0 eng d cIT-RoPau aPie Discepole del Divin Maestro aStato personale delle Pie Discepole del Divin Maestro aRomabCasa Generalizia Suore Pie Discepole del Divin Maestroc1995 a44 pp.c21 cm aStato personale PDDMvMarzo 1995 aIndice Professe Perpetue Professe Temporanee Membri Assenti Sorelle Defunte